Israel and Iran in Talmudic times: a political history
| Main Author: | |
|---|---|
| Format: | Print Book |
| Language: | English |
| Subito Delivery Service: | Order now. |
| Check availability: | HBZ Gateway |
| WorldCat: | WorldCat |
| Interlibrary Loan: | Interlibrary Loan for the Fachinformationsdienste (Specialized Information Services in Germany) |
| Published: |
Lanham New York, NY London
University Press of America
[1986]
|
| In: | Year: 1986 |
| Series/Journal: | Studies in Judaism
|
| Standardized Subjects / Keyword chains: | B
Jews
/ Iran (Antiquity)
/ History 70-638
B Jews / Mesopotamia / History 70-638 B Iran (Antiquity) / Politics / History 226-651 B Israel (Antiquity) / Politics / History 226-651 B Jews / Iran (Antiquity) / History 226-651 B Israel (Antiquity) / Iran (Antiquity) / History 70-638 |
| Further subjects: | B
Jews
History 70-638
B Jews (Iraq) (Babylonia) History B Sassanids B Iran History To 640 B Iran Ethnic relations |
MARC
| LEADER | 00000cam a2200000 c 4500 | ||
|---|---|---|---|
| 001 | 273823906 | ||
| 003 | DE-627 | ||
| 005 | 20251222212530.0 | ||
| 007 | tu | ||
| 008 | 871113s1986 xxu||||| 00| ||eng c | ||
| 016 | 7 | |a b8713497 |2 UK | |
| 020 | |a 0819157295 |c (cloth) |9 0-8191-5729-5 | ||
| 020 | |a 0819157309 |c (perfect) |9 0-8191-5730-9 | ||
| 035 | |a (DE-627)273823906 | ||
| 035 | |a (DE-576)013379321 | ||
| 035 | |a (DE-599)GBV273823906 | ||
| 035 | |a (OCoLC)242029715 | ||
| 035 | |a (OCoLC)310716378 | ||
| 035 | |a (DE-604)8006568203 | ||
| 040 | |a DE-627 |b ger |c DE-627 |e rda | ||
| 041 | |a eng | ||
| 044 | |c XD-US |c XA-GB | ||
| 050 | 0 | |a DS135.B2 | |
| 082 | 0 | |a 939'.4004924 | |
| 082 | 0 | |a 935 | |
| 082 | 0 | |a 933 | |
| 082 | 0 | |a 935/.004924 |q LOC |2 19 | |
| 084 | |a 6,22 |a 0 |2 ssgn | ||
| 084 | |a BD 3700 |2 rvk |0 (DE-625)rvk/9969: | ||
| 084 | |a BD 3730 |2 rvk |0 (DE-625)rvk/9971: | ||
| 100 | 1 | |e VerfasserIn |0 (DE-588)119433532 |0 (DE-627)283045310 |0 (DE-576)162370180 |4 aut |a Neusner, Jacob |d 1932-2016 | |
| 109 | |a Neusner, Jacob 1932-2016 |a Neusner, J. 1932-2016 |a Neusener, Jacob 1932-2016 | ||
| 245 | 1 | 0 | |a Israel and Iran in Talmudic times |b a political history |c Jacob Neusner |
| 264 | 1 | |a Lanham |a New York, NY |a London |b University Press of America |c [1986] | |
| 300 | |a xiii, 250 Seiten |b Illustrationen, Karten | ||
| 336 | |a Text |b txt |2 rdacontent | ||
| 337 | |a ohne Hilfsmittel zu benutzen |b n |2 rdamedia | ||
| 338 | |a Band |b nc |2 rdacarrier | ||
| 490 | 0 | |a Studies in Judaism | |
| 500 | |a The major portion of this text orig. appeared in the series "A history of the Jews in Babylonia" | ||
| 583 | 1 | |a Archivierung/Langzeitarchivierung gewährleistet |f SSG |x XA-DE-BW |2 pdager |5 DE-21 | |
| 583 | 1 | |a Archivierung/Langzeitarchivierung gewährleistet |f SSG |x XA-DE-BW |2 pdager |5 DE-21 | |
| 583 | 1 | |a Archivierung prüfen |c 20240324 |f DE-4165 |z 1 |2 pdager | |
| 601 | |a Historie | ||
| 650 | 0 | |a Jews |z Iraq |z Babylonia |x History | |
| 650 | 0 | |a Sassanids | |
| 650 | 0 | |a Jews |x History |y 70-638 | |
| 651 | 0 | |a Iran |x History |y To 640 | |
| 651 | 0 | |a Iran |x Ethnic relations | |
| 689 | 0 | 0 | |d s |0 (DE-588)4028808-0 |0 (DE-627)10430670X |0 (DE-576)208979565 |2 gnd |a Juden |
| 689 | 0 | 1 | |d g |0 (DE-588)4072922-9 |0 (DE-627)104123273 |0 (DE-576)209188677 |2 gnd |a Iran |g Altertum |
| 689 | 0 | 2 | |q z |2 gnd |a Geschichte 70-638 |
| 689 | 0 | |5 (DE-627) | |
| 689 | 1 | 0 | |d s |0 (DE-588)4028808-0 |0 (DE-627)10430670X |0 (DE-576)208979565 |2 gnd |a Juden |
| 689 | 1 | 1 | |d g |0 (DE-588)4038788-4 |0 (DE-627)106230603 |0 (DE-576)20903209X |2 gnd |a Mesopotamien |
| 689 | 1 | 2 | |q z |2 gnd |a Geschichte 70-638 |
| 689 | 1 | |5 (DE-627) | |
| 689 | 2 | 0 | |d g |0 (DE-588)4072922-9 |0 (DE-627)104123273 |0 (DE-576)209188677 |2 gnd |a Iran |g Altertum |
| 689 | 2 | 1 | |d s |0 (DE-588)4046514-7 |0 (DE-627)104152206 |0 (DE-576)209069945 |2 gnd |a Politik |
| 689 | 2 | 2 | |q z |2 gnd |a Geschichte 226-651 |
| 689 | 2 | |5 (DE-627) | |
| 689 | 3 | 0 | |d g |0 (DE-588)4072956-4 |0 (DE-627)106093711 |0 (DE-576)209188804 |2 gnd |a Israel |g Altertum |
| 689 | 3 | 1 | |d s |0 (DE-588)4046514-7 |0 (DE-627)104152206 |0 (DE-576)209069945 |2 gnd |a Politik |
| 689 | 3 | 2 | |q z |2 gnd |a Geschichte 226-651 |
| 689 | 3 | |5 (DE-627) | |
| 689 | 4 | 0 | |d s |0 (DE-588)4028808-0 |0 (DE-627)10430670X |0 (DE-576)208979565 |2 gnd |a Juden |
| 689 | 4 | 1 | |d g |0 (DE-588)4072922-9 |0 (DE-627)104123273 |0 (DE-576)209188677 |2 gnd |a Iran |g Altertum |
| 689 | 4 | 2 | |q z |2 gnd |a Geschichte 226-651 |
| 689 | 4 | |5 (DE-627) | |
| 689 | 5 | 0 | |d g |0 (DE-588)4072956-4 |0 (DE-627)106093711 |0 (DE-576)209188804 |2 gnd |a Israel |g Altertum |
| 689 | 5 | 1 | |d g |0 (DE-588)4072922-9 |0 (DE-627)104123273 |0 (DE-576)209188677 |2 gnd |a Iran |g Altertum |
| 689 | 5 | 2 | |q z |2 gnd |a Geschichte 70-638 |
| 689 | 5 | |5 (DE-627) | |
| 889 | |w (DE-627)013737554 | ||
| 935 | |a mteo | ||
| 935 | |i mdedup | ||
| 935 | |i Blocktest | ||
| 936 | r | v | |a BD 3700 |b von 70 bis ca. 600 |k Theologie und Religionswissenschaften |k Judaistik |k Religions- und Kulturgeschichte der Juden |k Talmudisch-Rabbinisches Judentum (ca. 70-600) |k Geschichte und Archäologie der Talmudischen Epoche |k von 70 bis ca. 600 |0 (DE-627)1270701460 |0 (DE-625)rvk/9969: |0 (DE-576)200701460 |
| 936 | r | v | |a BD 3730 |b Babylon |k Theologie und Religionswissenschaften |k Judaistik |k Religions- und Kulturgeschichte der Juden |k Talmudisch-Rabbinisches Judentum (ca. 70-600) |k Geschichte und Archäologie der Talmudischen Epoche |k Babylon |0 (DE-627)1270715720 |0 (DE-625)rvk/9971: |0 (DE-576)200715720 |
| 951 | |a BO | ||
| BIB | |a 1 | ||
| ELC | |b 1 | ||
| ITA | |a 1 |t 1 | ||
| LOK | |0 000 xxxxxcx a22 zn 4500 | ||
| LOK | |0 001 3276574322 | ||
| LOK | |0 003 DE-627 | ||
| LOK | |0 004 273823906 | ||
| LOK | |0 005 20120104110231 | ||
| LOK | |0 008 871113||||||||||||||||ger||||||| | ||
| LOK | |0 040 |a DE-21 |c DE-627 |d DE-21 | ||
| LOK | |0 852 |a DE-21 | ||
| LOK | |0 852 1 |c 27 A 6248 |9 00 | ||
| LOK | |0 935 |a vord |a alto | ||
| LOK | |0 936ln |a t16.1 | ||
| LOK | |0 939 |a 13-11-87 |b l01 | ||
| ORI | |a SA-MARC-ixtheoa001.raw | ||
| REF | |a Alte Geschichte | ||
| REL | |a 1 | ||
| STA | 0 | 0 | |a Iran,Iran,Iran,Persia,Achaemenid Empire,Persian Empire,Sassanid Empire,Sasanid Empire,Jews,Jews,Jew,Jews in literature,Mesopotamia,Mesopotamia,Northern Mesopotamia,Politics,Politics and government,Politics, Practical,Politics in art |
| STB | 0 | 0 | |a Juifs,Juifs,Politique,Politique,Pratiques politiques |
| STC | 0 | 0 | |a Judíos,Judíos,Judíos,Política,Política |
| STD | 0 | 0 | |a Ebrei,Ebrei,Politica,Politica |
| STE | 0 | 0 | |a 政治,政治,犹太人,犹太人 |
| STF | 0 | 0 | |a 政治,政治,猶太人,猶太人 |
| STG | 0 | 0 | |a Judeus,Judeus,Política,Política |
| STH | 0 | 0 | |a Евреи (мотив),Евреи,Политика (мотив),Политика |
| STI | 0 | 0 | |a Εβραίοι (μοτίβο),Εβραίοι,Πολιτική (μοτίβο),Πολιτική |
| SUB | |a BIB |a REL | ||
| SYF | 0 | 0 | |a Iran,Ǧunbiš-i sabz,Ǧunbiš-i sabz,Ǧunbiš-i sabz,Iranian Green Movement,Die Grüne Revolution,Die Grüne Bewegung , Achämenidenreich,Perserreich,Persien,Sassanidenreich,Sasanidenreich,Jomhōri-e Islamī-e Iran,Kišwar-i Šāhanšāhī-i Īrān,Īrān,Īrān,Īrān,Islamische Republik Iran,Islamic Republic of Iran,République islamique d'Iran,Imperial Government of Iran,al-Ǧumhūrīya al-Islāmīya al-Īrānīya,Īrān,Īrān,Īrān,Daulat-i ʿAlīya-i Īrān,Pārs,Ǧumhūrīyat Īrān al-Islāmīya,al-Ǧumhūrīya al-Islāmīya al-Īrānīya,al-Ǧumhūriyya al-Islāmiyya al-Īrāniyya,Daulat-i Šāhinšāhī-i Īrān,Gouvernement Impérial de l'Iran,IR Iran,Persien,Islamische Republik Iran,Islamic Republic of Iran,Persia,Ǧumhūrī-i Islāmī-i Īrān,Perse,République islamique d'Iran , Iran,Ǧunbiš-i sabz,Ǧunbiš-i sabz,Ǧunbiš-i sabz,Iranian Green Movement,Die Grüne Revolution,Die Grüne Bewegung , Achämenidenreich,Perserreich,Persien,Sassanidenreich,Sasanidenreich,Jomhōri-e Islamī-e Iran,Kišwar-i Šāhanšāhī-i Īrān,Īrān,Īrān,Īrān,Islamische Republik Iran,Islamic Republic of Iran,République islamique d'Iran,Imperial Government of Iran,al-Ǧumhūrīya al-Islāmīya al-Īrānīya,Īrān,Īrān,Īrān,Daulat-i ʿAlīya-i Īrān,Pārs,Ǧumhūrīyat Īrān al-Islāmīya,al-Ǧumhūrīya al-Islāmīya al-Īrānīya,al-Ǧumhūriyya al-Islāmiyya al-Īrāniyya,Daulat-i Šāhinšāhī-i Īrān,Gouvernement Impérial de l'Iran,IR Iran,Persien,Islamische Republik Iran,Islamic Republic of Iran,Persia,Ǧumhūrī-i Islāmī-i Īrān,Perse,République islamique d'Iran |
| SYG | 0 | 0 | |a Jews,Jüdinnen,Jude,Jüdin,Jude , Iran,Ǧunbiš-i sabz,Ǧunbiš-i sabz,Ǧunbiš-i sabz,Iranian Green Movement,Die Grüne Revolution,Die Grüne Bewegung , Achämenidenreich,Perserreich,Persien,Sassanidenreich,Sasanidenreich,Jomhōri-e Islamī-e Iran,Kišwar-i Šāhanšāhī-i Īrān,Īrān,Īrān,Īrān,Islamische Republik Iran,Islamic Republic of Iran,République islamique d'Iran,Imperial Government of Iran,al-Ǧumhūrīya al-Islāmīya al-Īrānīya,Īrān,Īrān,Īrān,Daulat-i ʿAlīya-i Īrān,Pārs,Ǧumhūrīyat Īrān al-Islāmīya,al-Ǧumhūrīya al-Islāmīya al-Īrānīya,al-Ǧumhūriyya al-Islāmiyya al-Īrāniyya,Daulat-i Šāhinšāhī-i Īrān,Gouvernement Impérial de l'Iran,IR Iran,Persien,Islamische Republik Iran,Islamic Republic of Iran,Persia,Ǧumhūrī-i Islāmī-i Īrān,Perse,République islamique d'Iran , Jews,Jüdinnen,Jude,Jüdin,Jude , Zweistromland,Zwischenstromland , Iran,Ǧunbiš-i sabz,Ǧunbiš-i sabz,Ǧunbiš-i sabz,Iranian Green Movement,Die Grüne Revolution,Die Grüne Bewegung , Achämenidenreich,Perserreich,Persien,Sassanidenreich,Sasanidenreich,Jomhōri-e Islamī-e Iran,Kišwar-i Šāhanšāhī-i Īrān,Īrān,Īrān,Īrān,Islamische Republik Iran,Islamic Republic of Iran,République islamique d'Iran,Imperial Government of Iran,al-Ǧumhūrīya al-Islāmīya al-Īrānīya,Īrān,Īrān,Īrān,Daulat-i ʿAlīya-i Īrān,Pārs,Ǧumhūrīyat Īrān al-Islāmīya,al-Ǧumhūrīya al-Islāmīya al-Īrānīya,al-Ǧumhūriyya al-Islāmiyya al-Īrāniyya,Daulat-i Šāhinšāhī-i Īrān,Gouvernement Impérial de l'Iran,IR Iran,Persien,Islamische Republik Iran,Islamic Republic of Iran,Persia,Ǧumhūrī-i Islāmī-i Īrān,Perse,République islamique d'Iran , Staatspolitik,Politische Lage,Politische Entwicklung,Politics,Public policy,Staatspolitik,Politische Lage,Politische Entwicklung,Politische Situation , Israel , Medinat Jisrael,Yiśraʾel,Ereṣ Yiśraʾel,Israël,Etat d'Israël,State of Israel,Yiśrāʾēl,Ereṣ Yiśrāʾēl,Medînat Yiśrā'ēl,Isrāʾīl,Izrael , Israel,Israel,Isrā'īl al-Kaskari , Staatspolitik,Politische Lage,Politische Entwicklung,Politics,Public policy,Staatspolitik,Politische Lage,Politische Entwicklung,Politische Situation , Jews,Jüdinnen,Jude,Jüdin,Jude , Iran,Ǧunbiš-i sabz,Ǧunbiš-i sabz,Ǧunbiš-i sabz,Iranian Green Movement,Die Grüne Revolution,Die Grüne Bewegung , Achämenidenreich,Perserreich,Persien,Sassanidenreich,Sasanidenreich,Jomhōri-e Islamī-e Iran,Kišwar-i Šāhanšāhī-i Īrān,Īrān,Īrān,Īrān,Islamische Republik Iran,Islamic Republic of Iran,République islamique d'Iran,Imperial Government of Iran,al-Ǧumhūrīya al-Islāmīya al-Īrānīya,Īrān,Īrān,Īrān,Daulat-i ʿAlīya-i Īrān,Pārs,Ǧumhūrīyat Īrān al-Islāmīya,al-Ǧumhūrīya al-Islāmīya al-Īrānīya,al-Ǧumhūriyya al-Islāmiyya al-Īrāniyya,Daulat-i Šāhinšāhī-i Īrān,Gouvernement Impérial de l'Iran,IR Iran,Persien,Islamische Republik Iran,Islamic Republic of Iran,Persia,Ǧumhūrī-i Islāmī-i Īrān,Perse,République islamique d'Iran , Israel , Medinat Jisrael,Yiśraʾel,Ereṣ Yiśraʾel,Israël,Etat d'Israël,State of Israel,Yiśrāʾēl,Ereṣ Yiśrāʾēl,Medînat Yiśrā'ēl,Isrāʾīl,Izrael , Israel,Israel,Isrā'īl al-Kaskari , Iran,Ǧunbiš-i sabz,Ǧunbiš-i sabz,Ǧunbiš-i sabz,Iranian Green Movement,Die Grüne Revolution,Die Grüne Bewegung , Achämenidenreich,Perserreich,Persien,Sassanidenreich,Sasanidenreich,Jomhōri-e Islamī-e Iran,Kišwar-i Šāhanšāhī-i Īrān,Īrān,Īrān,Īrān,Islamische Republik Iran,Islamic Republic of Iran,République islamique d'Iran,Imperial Government of Iran,al-Ǧumhūrīya al-Islāmīya al-Īrānīya,Īrān,Īrān,Īrān,Daulat-i ʿAlīya-i Īrān,Pārs,Ǧumhūrīyat Īrān al-Islāmīya,al-Ǧumhūrīya al-Islāmīya al-Īrānīya,al-Ǧumhūriyya al-Islāmiyya al-Īrāniyya,Daulat-i Šāhinšāhī-i Īrān,Gouvernement Impérial de l'Iran,IR Iran,Persien,Islamische Republik Iran,Islamic Republic of Iran,Persia,Ǧumhūrī-i Islāmī-i Īrān,Perse,République islamique d'Iran |
| TIM | |a 100000700101_100006381231 |b Geschichte 70-638 | ||



